| 000 | 02218nam a2200565 i 4500 | ||
|---|---|---|---|
| 001 | 25911 | ||
| 003 | KOSZ 005 | ||
| 005 | 20200903085044.0 | ||
| 008 | 200825s1973 pl a f 000 0 pol | ||
| 015 | _aUWD B 1973/374 | ||
| 035 | _a991035741399705066 | ||
| 035 | _a(PL-WaBN)b19611080-48omnis_nlop | ||
| 035 | _ab19611080 | ||
| 035 | _a(OCoLC)830856336 | ||
| 035 | _a(PL)b0000001961108 | ||
| 035 | _a(EXLNZ-48OMNIS_NETWORK)9910248558105606 | ||
| 040 |
_aWA N _cWA N _dKOSZ 005/RW |
||
| 046 | _k1973 | ||
| 080 | _a621.316 | ||
| 080 | _a536 | ||
| 080 | _a621.317 | ||
| 100 | 1 |
_aKuźma, Eugeniusz _d( -2012) _eAutor |
|
| 245 | 1 | 0 |
_aZastosowania termistorów o skoku rezystancji w układach sygnalizacji wzrostu temperatury / _cEugeniusz Kuźma, Czesław Kuźma ; Instytut Technologii Elektronowej przy Naukowo-Produkcyjnym Centrum Półprzewodników. |
| 260 |
_aWarszawa : _b"Wema", _c1973. |
||
| 300 |
_a18 stron : _bilustracje ; _c24 cm. |
||
| 336 |
_aTekst _btxt _2rdacontent |
||
| 337 |
_aBez urządzenia pośredniczącego _bn _2rdamedia |
||
| 338 |
_aWolumin _bnc _2rdacarrier |
||
| 380 | _aKsiążki | ||
| 380 | _aPublikacje fachowe | ||
| 388 | 1 | _a1901-2000 | |
| 388 | 1 | _a1945-1989 | |
| 490 | 1 |
_aPrace Instytutu Technologii Elektronowej / Instytut Technologii Elektronowej przy Naukowo-Produkcyjnym Centrum Półprzewodników ; _vVI, 5 |
|
| 500 | _aNa prawach rękopisu. | ||
| 504 | _aBibliografia na stronie 18. | ||
| 506 | _aDo użytku wewnętrznego. | ||
| 650 | 7 | _aTermistory | |
| 650 | 7 | _aZastosowanie i wykorzystanie | |
| 650 | 7 | _aTemperatura | |
| 650 | 7 | _aPomiary | |
| 655 | 7 | _aOpracowanie | |
| 658 | _aInżynieria i technika | ||
| 710 | 2 |
_aCentrum Naukowo-Produkcyjne Półprzewodników i Mikroelektroniki. _bInstytut Technologii Elektronowej |
|
| 710 | 2 |
_aWydawnictwa Przemysłu Maszynowego "Wema" _4pbl |
|
| 700 | 1 |
_aKuźma, Czesław _eAutor |
|
| 830 | 0 |
_aPrace Instytutu Technologii Elektronowej CEMI _vVI, 5 |
|
| 856 |
_uhttp://koha.tu.koszalin.pl/cgi-bin/koha/opac-detail.pl?biblionumber=25911 _yKatalog online BPK |
||
| 942 |
_2UKD _cKS |
||
| 999 |
_c25911 _d25911 |
||